000 01304naa a22002897a 4500
001 BR8802950
003 BR-BrBNA
005 20240918180008.0
007 ta
008 230509b bl.||||| |||| 00| 0 por d
040 _aBR-BrBNA
_bpor
_cBiblioteca Nacional de Agricultura
041 _a(Pt)
072 _aP40
_b/G514
_bGZ35
090 _aP40 BR8802950
100 1 _aPlaza, L.G.H.
111 1 _a1. Congresso Interamericano de Meteorologia; 4. Congresso Brasileiro de Meteorologia
_cBrasilia, DF (Brazil)
_d20-24 Oct 1986
245 1 _aInter-relacao entre os balancos energeticos e hidrologicos usando medidas de radiacao obtidas por satelites [Bacia hidrografica]
_bParte 1: estudo de possibilidades
260 3 _aBelo Horizonte, MG (Brasil):
_c1986.
500 _aAnais do 1. Congresso Interamericano de Meteorologia e 4. Congresso Brasileiro de Meteorologia Belo Horizonte, MG (Brasil): 1986. v. 1 p. 214-219 (BR8802950-AM)P40
650 _aBALANCO HIDRICO
650 _aBALANCO DE ENERGIA
650 _aRADIACAO
650 _aBACIA HIDROGRAFICA
773 0 _tAnais do 1. Congresso Interamericano de Meteorologia e 4. Congresso Brasileiro de Meteorologia
_wP40 BR8802950
_gBelo Horizonte, MG (Brasil), 1986. v. 1 p. 214-219
909 _a202404
_bLucia
_c55
_dLucia Elande
942 _cAM
_2AGRIS
999 _c319150
_d319150